<?xml version="1.0" encoding="UTF-8"?>
<record
    xmlns:xsi="http://www.w3.org/2001/XMLSchema-instance"
    xsi:schemaLocation="http://www.loc.gov/MARC21/slim http://www.loc.gov/standards/marcxml/schema/MARC21slim.xsd"
    xmlns="http://www.loc.gov/MARC21/slim">

  <leader>01221nam a22002175i 4500</leader>
  <controlfield tag="001">151699</controlfield>
  <controlfield tag="003">ES-MaACL</controlfield>
  <controlfield tag="005">20251015063134.0</controlfield>
  <controlfield tag="008">971014s1796    sp ab        |||| | fre d</controlfield>
  <datafield tag="040" ind1=" " ind2=" ">
    <subfield code="a">AN </subfield>
    <subfield code="b">spa </subfield>
    <subfield code="c">CCPB</subfield>
  </datafield>
  <datafield tag="100" ind1="1" ind2=" ">
    <subfield code="a">Barth&#xE9;lemy, Jean-Jacques, </subfield>
    <subfield code="d">1716-1795</subfield>
    <subfield code="9">125841</subfield>
  </datafield>
  <datafield tag="245" ind1="1" ind2="0">
    <subfield code="a">Voyage du jeune Anacharsis en Gr&#xE8;ce </subfield>
    <subfield code="b">: dans le milieu du quatrieme siecle avant l&#xB4;ere vulgaire / </subfield>
    <subfield code="c">par M. l&#xB4;abbe Barthelemy.</subfield>
  </datafield>
  <datafield tag="260" ind1=" " ind2=" ">
    <subfield code="a">A Madrid : </subfield>
    <subfield code="b">de l&#xB4;imprimerie de Beno&#xEE;t Cano, </subfield>
    <subfield code="c">1796.</subfield>
  </datafield>
  <datafield tag="300" ind1=" " ind2=" ">
    <subfield code="a">9 v. (XLIV, XII, 341 p., [1] h. de grab. pleg. ;  [6], 344 p. ;  [6], 343 p. ;  [6], 340 p. ;  [6], 364 p. ;  [6], 351 p. ;  [6], 374 p. ;   [4], 372 p. ; [4], IV, 287 p.) ; </subfield>
    <subfield code="c">12 cm.</subfield>
  </datafield>
  <datafield tag="597" ind1=" " ind2=" ">
    <subfield code="a">Sign.: a-b8, c6, *6, A-X8, Y3 ;  [ ]3, A-X4, Y4 ;  [ ]3, a-x8, y4 ; [ ]3, A-X8, Y2 ;  [ ]3, A-Y8, Z6 ;  [ ]3, A-Y8 ;  [ ]3, A-Z8, 2A3 ;  [ ]2, A-Z8, 2A2 ;  [ ]4, A-S8.</subfield>
  </datafield>
  <datafield tag="597" ind1=" " ind2=" ">
    <subfield code="a">Antep.</subfield>
  </datafield>
  <datafield tag="599" ind1=" " ind2=" ">
    <subfield code="a">En el vol.  1&#xBA;, map. pleg. por M. Barbi&#xE9; du Bocage.</subfield>
  </datafield>
  <datafield tag="651" ind1=" " ind2=" ">
    <subfield code="a">Grecia-</subfield>
    <subfield code="x">Descripci&#xF3;n.</subfield>
    <subfield code="9">8776</subfield>
  </datafield>
  <datafield tag="852" ind1=" " ind2=" ">
    <subfield code="a">ES-MaACL</subfield>
    <subfield code="j">R-507-15   </subfield>
    <subfield code="z">-- Enc. pasta espa&#xF1;ola   </subfield>
    <subfield code="x">-- Edic.: existen al menos dos ed.d. con el mismo pie de imp., variando en la pag.  </subfield>
    <subfield code="x"> Olim: F- 9621-29</subfield>
  </datafield>
  <datafield tag="999" ind1=" " ind2=" ">
    <subfield code="c">151699</subfield>
    <subfield code="d">151699</subfield>
  </datafield>
  <datafield tag="952" ind1=" " ind2=" ">
    <subfield code="0">0</subfield>
    <subfield code="1">0</subfield>
    <subfield code="4">0</subfield>
    <subfield code="7">0</subfield>
    <subfield code="8">LIBXVIII</subfield>
    <subfield code="a">ATENEOM</subfield>
    <subfield code="b">ATENEOM</subfield>
    <subfield code="c">DEPO</subfield>
    <subfield code="d">2008-01-17</subfield>
    <subfield code="l">0</subfield>
    <subfield code="o">R-507-15</subfield>
    <subfield code="p">1158322</subfield>
    <subfield code="r">2023-02-23 00:00:00</subfield>
    <subfield code="w">2023-02-23</subfield>
    <subfield code="y">MONANT</subfield>
  </datafield>
</record>
